[Event "13sen.WMH 2003 Senioren"]
[Site "Bad Zwischenahn(17.11.-29.11.2003)"]
[Date "2003.11.29"]
[Round "10.40"]
[White "Schober, Manfred"]
[Black "Chehlov, Alexander"]
[Result "0-1"]
[WhiteElo "1837"]
[BlackElo "2246"]
[PlyCount "126"]


1. Nf3 Nf6 2. c4 g6 3. d4 Bg7 4. Nc3 d6 5. e4 O-O 6. Be2 e5 7. O-O Nc6 8. d5
Ne7 9. b4 a5 10. Ba3 axb4 11. Bxb4 Nd7 12. a4 Bh6 13. Qc2 f5 14. Bd3 Nf6 15. c5
fxe4 16. Bxe4 Nxe4 17. Nxe4 Bf5 18. cxd6 cxd6 19. Bd2 Bxe4 20. Qxe4 Bxd2 21.
Nxd2 Rf4 22. Qc2 Qa5 23. g3 Rc8 24. Qa2 Rb4 25. Rfb1 Rc7 26. Rxb4 Qxb4 27. a5
Qd4 28. Rb1 Qd3 29. Rb6 Rc1+ 30. Kg2 Rc2 31. Qa4 Qxd5+ 32. Ne4 Rc6 33. Rxb7 Kf8
34. f3 Qd3 35. Rb8+ Kg7 36. Rb2 d5 37. Nf2 Qa6 38. Qb4 Re6 39. Rc2 h5 40. h4
Nc6 41. Qc5 Qxa5 42. Qxa5 Nxa5 43. Rc5 Nc4 44. Nd1 Nb6 45. Nc3 Rd6 46. Nb5 Rd7
47. Nc7 d4 48. Ne6+ Kg8 49. Rxe5 d3 50. Nc5 d2 51. Nxd7 d1=Q 52. Nxb6 Qc2+ 53.
Kf1 Qc3 54. Re8+ Kf7 55. Re7+ Kf8 56. Re2 Qc7 57. f4 Qxb6 58. Re5 Qb2 59. Rg5
Kf7 60. Ke1 Qg2 61. Kd1 Qf2 62. Kc1 Qe2 63. Kb1 Qd2 0-1

[Event "13sen.WMH 2003 Senioren"]
[Site "Bad Zwischenahn(17.11.-29.11.2003)"]
[Date "2003.11.29"]
[Round "10.41"]
[White "Rudnik, Heinz"]
[Black "Hellwege, Werner"]
[Result "1/2-1/2"]
[WhiteElo "1996"]
[BlackElo "1887"]
[PlyCount "36"]


1. Nf3 Nf6 2. d4 e6 3. c4 b6 4. g3 Bb7 5. Bg2 Bb4+ 6. Nc3 Ne4 7. Qc2 f5 8. O-O
Nxc3 9. bxc3 Be4 10. Qb3 Be7 11. Re1 Nc6 12. Nd2 Na5 13. Qa4 Bxg2 14. Kxg2 O-O
15. Nf3 Nb7 16. Rb1 Nd6 17. Ne5 c6 18. f3 Nf7 1/2-1/2

[Event "13sen.WMH 2003 Senioren"]
[Site "Bad Zwischenahn(17.11.-29.11.2003)"]
[Date "2003.??.??"]
[Round "10.42"]
[White "Juergens, Peter"]
[Black "Zunker, Reinhard,Dr."]
[Result "0-1"]
[WhiteElo "1835"]
[BlackElo "2132"]
[PlyCount "116"]


1. d4 Nf6 2. Nf3 d6 3. Bf4 Nh5 4. Bg3 g6 5. Bh4 Bg7 6. e3 c5 7. c3 Nd7 8. Be2
O-O 9. Nfd2 Nhf6 10. Nf3 a6 11. Nbd2 b5 12. a4 Rb8 13. axb5 axb5 14. O-O h6 15.
dxc5 Nxc5 16. Nd4 Bd7 17. Bf3 Qc7 18. N4b3 Nd3 19. Qb1 Ne5 20. Qa2 Be6 21. Qa3
Bc4 22. Rfd1 Nxf3+ 23. Nxf3 Be2 24. Re1 Bxf3 25. gxf3 Qb7 26. Nd2 b4 27. Qa7 g5
28. Bg3 bxc3 29. bxc3 Nd5 30. Reb1 Qxa7 31. Rxa7 Bxc3 32. Rxb8 Rxb8 33. Ne4 Bg7
34. Nd2 Kf8 35. h4 Bc3 36. Ne4 gxh4 37. Bxh4 Bb4 38. Kg2 Bc5 39. Ra2 Rc8 40. f4
Nb4 41. Ra5 Nc6 42. Ra2 Rb8 43. Rc2 Rb5 44. Nc3 Ra5 45. Ne4 Nb4 46. Rd2 f6 47.
Kf3 Kf7 48. Rd1 Ra3 49. Rg1 Nc2 50. Kg3 Ra4 51. Kf3 Bb4 52. Ng3 Ne1+ 53. Kg4
Ra8 54. Kh5 Rg8 55. Rf1 Ke6 56. f3 Ng2 57. f5+ Kf7 58. Rb1 Be1 0-1

[Event "13sen.WMH 2003 Senioren"]
[Site "Bad Zwischenahn(17.11.-29.11.2003)"]
[Date "2003.11.29"]
[Round "10.44"]
[White "Hirsch, Adolf,jr.[40AUT]"]
[Black "Ousatchi, Mark"]
[Result "1/2-1/2"]
[WhiteElo "2042"]
[BlackElo "2041"]
[PlyCount "82"]


1. Nf3 d5 2. g3 c6 3. c4 Nf6 4. Bg2 Bf5 5. cxd5 cxd5 6. Nc3 Nc6 7. d4 e6 8. O-O
Bd6 9. Qb3 Qe7 10. Bg5 h6 11. Bxf6 gxf6 12. Nh4 Bh7 13. e4 O-O 14. Qd1 dxe4 15.
Nxe4 Bxe4 16. Bxe4 f5 17. Bg2 Rfd8 18. d5 Ne5 19. Qh5 Qg5 20. Qe2 Qf6 21. dxe6
fxe6 22. Bxb7 Rab8 23. Bg2 Rxb2 24. Qa6 Bc5 25. Rad1 Bxf2+ 26. Kh1 Bb6 27.
Rxd8+ Qxd8 28. Qa3 Nc4 29. Qc3 Qd4 30. Qxd4 Bxd4 31. Nxf5 Bb6 32. Nxh6+ Kg7 33.
Ng4 Rxa2 34. h4 Ne3 35. Nxe3 Bxe3 36. Re1 Bf2 37. Re4 Ra3 38. Rg4+ Kh6 39. Kh2
Re3 40. Kh3 a5 41. Bc6 Rxg3+ 1/2-1/2

[Event "13sen.WMH 2003 Senioren"]
[Site "Bad Zwischenahn(17.11.-29.11.2003)"]
[Date "2003.11.29"]
[Round "10.45"]
[White "Forselv, Edmund"]
[Black "Bogorad, Michail"]
[Result "0-1"]
[WhiteElo "1840"]
[BlackElo "2063"]
[PlyCount "42"]


1. e4 c5 2. Nf3 g6 3. d4 cxd4 4. Nxd4 Bg7 5. Be3 Nf6 6. Nc3 O-O 7. Be2 Nc6 8.
Qd2 d5 9. exd5 Nb4 10. O-O-O Nfxd5 11. Nxd5 Nxd5 12. Bh6 Nf6 13. Bxg7 Kxg7 14.
f3 Qb6 15. Bc4 Bd7 16. g4 Rac8 17. Bb3 a5 18. a4 e5 19. g5 Nh5 20. Ne2 Qxb3 21.
Kb1 Rxc2 0-1

[Event "13sen.WMH 2003 Senioren"]
[Site "Bad Zwischenahn(17.11.-29.11.2003)"]
[Date "2003.11.29"]
[Round "10.46"]
[White "Gudat, Alfons"]
[Black "Kock, Hans-Uwe"]
[Result "0-1"]
[WhiteElo "1986"]
[BlackElo "2090"]
[PlyCount "112"]


1. Nf3 Nf6 2. d4 g6 3. c4 Bg7 4. Nc3 O-O 5. e4 d6 6. Be2 c6 7. O-O e5 8. Be3
Qe8 9. dxe5 Ng4 10. Bg5 dxe5 11. h3 Nf6 12. Qd6 Nbd7 13. Rad1 h6 14. Be3 Nh5
15. c5 Kh7 16. Rfe1 Nf4 17. Bf1 g5 18. b4 Rg8 19. g3 Bf8 20. Qd2 Nf6 21. Kh2
Nxh3 22. Bxh3 Bxh3 23. Nxg5+ hxg5 24. Kxh3 Qe6+ 25. Kg2 Bh6 26. Rh1 Rad8 27.
Qxd8 Rxd8 28. Rxd8 Kg7 29. Rd6 Qc4 30. Rxh6 Kxh6 31. Rxf6+ Kg7 32. Rf5 Qxc3 33.
Rxg5+ Kf8 34. Rf5 Kg7 35. Rg5+ Kf6 36. Rf5+ Ke6 37. Bg5 Qc4 38. f3 Qxa2+ 39.
Kh3 b6 40. Rf6+ Kd7 41. Rd6+ Kc7 42. Bd8+ Kb7 43. cxb6 axb6 44. b5 cxb5 45.
Rxb6+ Kc8 46. Bf6 Kc7 47. Rxb5 Qe6+ 48. Kg2 Qxf6 49. Rd5 Qb6 50. Kh3 f6 51. Kh4
Qe3 52. Kg4 Kc6 53. Rd1 Qb3 54. Rd8 Qe6+ 55. Kh5 Qh3+ 56. Kg6 Qxg3+ 0-1

[Event "13sen.WMH 2003 Senioren"]
[Site "Bad Zwischenahn(17.11.-29.11.2003)"]
[Date "2003.11.29"]
[Round "10.47"]
[White "Hoeschele, Hans-Ulrich"]
[Black "Lotsov Har-Zahav, Avraham"]
[Result "1-0"]
[WhiteElo "2080"]
[BlackElo "2034"]
[PlyCount "79"]


1. Nf3 Nf6 2. c4 g6 3. b3 Bg7 4. Bb2 d6 5. d4 O-O 6. Nc3 Na6 7. e3 c5 8. Be2
Bd7 9. O-O Bc6 10. d5 Bd7 11. Qd2 Nc7 12. Rad1 a6 13. e4 Ng4 14. h3 Ne5 15. Ne1
f5 16. exf5 gxf5 17. f4 Ng6 18. Na4 Ne8 19. Bxg7 Kxg7 20. Nc3 Rb8 21. Bh5 b5
22. Bxg6 hxg6 23. cxb5 axb5 24. Nf3 b4 25. Nb1 Rb6 26. Rfe1 Nf6 27. Ng5 Re8 28.
Qb2 Qa8 29. a4 bxa3 30. Nxa3 Rb7 31. Nc4 Qa6 32. Qc3 Qa8 33. Re3 Kg8 34. Rxe7
Rxe7 35. Qxf6 Qf8 36. Qxd6 Rxb3 37. Ne5 Rc3 38. Qxg6+ Rg7 39. Qh6 Qe8 40. Ra1
1-0

[Event "13sen.WMH 2003 Senioren"]
[Site "Bad Zwischenahn(17.11.-29.11.2003)"]
[Date "2003.11.29"]
[Round "10.48"]
[White "Rubinstein, Mark"]
[Black "Boeven, Manfred"]
[Result "0-1"]
[WhiteElo "1938"]
[BlackElo "2005"]
[PlyCount "54"]


1. c4 e5 2. Nc3 Nf6 3. g3 c6 4. Bg2 d5 5. cxd5 cxd5 6. Qb3 Nc6 7. Nxd5 Nd4 8.
Nxf6+ gxf6 9. Qd1 Qc7 10. Kf1 Nc2 11. Rb1 Be6 12. b3 Rc8 13. Nf3 Qa5 14. h4 Na3
15. Bxa3 Bxa3 16. Kg1 O-O 17. Kh2 Rfd8 18. d3 e4 19. Ne1 Bf5 20. Bh3 Rc3 21. g4
Be6 22. Qd2 Bb4 23. Qb2 Qe5+ 24. Kg2 Rdc8 25. Rd1 Bd5 26. Kg1 exd3 27. Nxd3
Rxd3 0-1

[Event "13sen.WMH 2003 Senioren"]
[Site "Bad Zwischenahn(17.11.-29.11.2003)"]
[Date "2003.11.29"]
[Round "10.49"]
[White "Fleischer, Martin"]
[Black "Barlo, Werner"]
[Result "1-0"]
[WhiteElo "1681"]
[BlackElo "1735"]
[PlyCount "57"]


1. e4 c5 2. c3 a6 3. Nf3 d6 4. Be2 Nf6 5. O-O Nxe4 6. Qa4+ Nc6 7. Qxe4 g6 8.
Qc2 Bg7 9. a3 e5 10. d3 Bf5 11. c4 O-O 12. Nc3 Re8 13. Rb1 Na5 14. b3 Rb8 15.
Ne4 h6 16. Bd2 Nc6 17. b4 Nd4 18. Nxd4 exd4 19. bxc5 dxc5 20. Ng3 Bd7 21. Bf4
Be5 22. Bxe5 Rxe5 23. Bf3 b6 24. Rfe1 Rxe1+ 25. Rxe1 b5 26. Qd2 Kg7 27. Qf4 Be6
28. Qe5+ Kg8 29. Qxc5 1-0

[Event "13sen.WMH 2003 Senioren"]
[Site "Bad Zwischenahn(17.11.-29.11.2003)"]
[Date "2003.11.29"]
[Round "10.50"]
[White "Trifunovic, Dusan"]
[Black "Davydov, Mikhail"]
[Result "0-1"]
[WhiteElo "1869"]
[BlackElo "2010"]
[PlyCount "44"]


1. e4 d5 2. exd5 Qxd5 3. Nc3 Qa5 4. d4 Nf6 5. Nf3 Bf5 6. Bd3 e6 7. O-O Nc6 8.
Bb5 Rd8 9. Ne5 Qb6 10. Be3 Nd5 11. Nc4 Nxc3 12. bxc3 Qxb5 13. Nd2 Na5 14. a4
Qc6 15. g4 Bg6 16. f4 Qxc3 17. Qe2 Bxc2 18. Rfc1 Qd3 19. Qf2 Bd6 20. Nf3 Bb3
21. Ne1 Qe4 22. Rcb1 h5 0-1

[Event "13sen.WMH 2003 Senioren"]
[Site "Bad Zwischenahn(17.11.-29.11.2003)"]
[Date "2003.11.29"]
[Round "11.128"]
[White "Klopfer, Gert"]
[Black "Schwagrowski, Bernd"]
[Result "1-0"]
[WhiteElo "1446"]
[BlackElo "1425"]
[PlyCount "155"]


1. d4 Nf6 2. Bg5 e6 3. Bc1 d5 4. e3 Nc6 5. Bb5 Bd7 6. Bd3 Bd6 7. c3 e5 8. Ne2
e4 9. Bc2 b5 10. a3 O-O 11. O-O h6 12. b4 Nh7 13. f3 f5 14. Nf4 Ne7 15. Bb3 c6
16. Nd2 Rf6 17. fxe4 fxe4 18. Nxe4 Bxf4 19. Nxf6+ Nxf6 20. Rxf4 Ng6 21. Rf1 Qc7
22. Ra2 Re8 23. Qf3 Rf8 24. Qg3 Qxg3 25. hxg3 Ne4 26. Rxf8+ Nxf8 27. Bd2 Nxg3
28. a4 a6 29. Kh2 Ne4 30. Be1 Ne6 31. axb5 axb5 32. Ra7 Be8 33. Ra6 Kf7 34.
Ra7+ Kf6 35. Bh4+ g5 36. Be1 Ng7 37. Bc2 Nd6 38. Bg3 Ngf5 39. Bxd6 Nxd6 40. g4
h5 41. gxh5 Bxh5 42. Rh7 Be8 43. Rh6+ Ke7 44. Bg6 Bd7 45. Kg3 Nc4 46. e4 Ne3
47. Rh7+ Kd8 48. Rh8+ Ke7 49. exd5 Nxd5 50. Rh7+ Kd6 51. Rh6 Kc7 52. Rh5 Nxc3
53. Rxg5 Ne2+ 54. Kf2 Nxd4 55. Rc5 Kd6 56. Ke3 Nb3 57. Rc3 Be6 58. Bc2 Na1 59.
Be4 Bd5 60. Bxd5 cxd5 61. Kd4 Ke6 62. Rc6+ Kd7 63. Kxd5 Nb3 64. Rb6 Kc7 65.
Rxb5 Kc8 66. Rb6 Kc7 67. Rh6 Kb7 68. Kc4 Nd2+ 69. Kd3 Nf3 70. Kc3 Ne5 71. b5
Nd7 72. Rh7 Kc8 73. Kb4 Nb6 74. Kc5 Kb8 75. Kxb6 Kc8 76. Kc6 Kb8 77. b6 Ka8 78.
Rh8# 1-0

[Event "13sen.WMH 2003 Senioren"]
[Site "Bad Zwischenahn(17.11.-29.11.2003)"]
[Date "2003.11.29"]
[Round "11.129"]
[White "Wernitz, Armin"]
[Black "Geibel, Henning"]
[Result "1-0"]
[WhiteElo "1456"]
[BlackElo "1088"]
[PlyCount "91"]


1. e4 c6 2. d4 d5 3. Nc3 e6 4. g3 Bb4 5. Bd2 Bxc3 6. Bxc3 dxe4 7. Qg4 g6 8.
Qxe4 Nf6 9. Qe2 O-O 10. Rd1 Nbd7 11. Bg2 Re8 12. f4 Nb6 13. b3 Nbd5 14. Bd2 Nb6
15. Nf3 a5 16. c4 a4 17. O-O axb3 18. axb3 Ra3 19. Qd3 Na4 20. Bb4 Nb2 21. Qc2
Nxd1 22. Rxd1 Ra6 23. Ne5 Bd7 24. Bc3 Qa8 25. g4 Ra2 26. Qd3 Ra3 27. g5 Nh5 28.
Nxd7 Nxf4 29. Qf3 Nxg2 30. Nf6+ Kf8 31. Bb4+ Kg7 32. Nxe8+ Qxe8 33. Bxa3 Nh4
34. Qf6+ Kg8 35. Bd6 c5 36. Be5 Kf8 37. Qg7+ Ke7 38. Qf6+ Kf8 39. Qh8+ Ke7 40.
Qxe8+ Kxe8 41. Kf2 cxd4 42. Rxd4 Nf5 43. Rd1 h6 44. Bf6 Ne7 45. gxh6 Nc6 46. h7
1-0

[Event "13sen.WMH 2003 Senioren"]
[Site "Bad Zwischenahn(17.11.-29.11.2003)"]
[Date "2003.11.29"]
[Round "11.130"]
[White "Krause, Armin"]
[Black "Gestrich, Wolfgang,Prof.Dr."]
[Result "0-1"]
[WhiteElo "1309"]
[BlackElo "1401"]
[PlyCount "129"]


1. e4 e5 2. Nc3 c6 3. a3 d6 4. Bc4 Be7 5. Nf3 h6 6. d3 Nf6 7. h3 O-O 8. Bd2 b5
9. Bb3 a5 10. a4 b4 11. Ne2 c5 12. O-O Nc6 13. Ng3 Re8 14. Qe2 Bf8 15. Nh4 Nd4
16. Qe1 Nxb3 17. cxb3 Be6 18. Qe3 Qd7 19. Ngf5 Kh7 20. Qg3 Bxb3 21. Rfe1 Bxa4
22. Ne3 Bb5 23. Nd5 Nxd5 24. exd5 Be7 25. Re4 g5 26. Qf3 f6 27. Nf5 Bxd3 28.
Nxe7 Bxe4 29. Qxe4+ f5 30. Nxf5 Kh8 31. Nxh6 Qh7 32. Nf5 Rf8 33. g4 Qxh3 34.
Qg2 Qxg2+ 35. Kxg2 Rf6 36. Rh1+ Kg8 37. Bxg5 Rg6 38. Ne7+ Kf7 39. Nxg6 Kxg6 40.
Be7 Ra6 41. Rh5 a4 42. Rg5+ Kf7 43. Bd8 a3 44. bxa3 bxa3 45. Rh5 a2 46. Rh1
a1=Q 47. Rxa1 Rxa1 48. Kf3 Ra4 49. Bg5 Rd4 50. Be3 Rxd5 51. Ke4 Rd1 52. Kf3 c4
53. Ke2 Ra1 54. Kd2 d5 55. Bc5 d4 56. f4 c3+ 57. Kc2 Ra5 58. Bb4 Ra2+ 59. Kc1
exf4 60. Bd6 f3 61. Bg3 f2 62. Bxf2 Rxf2 63. g5 Kg6 64. Kd1 Kxg5 65. Kc1 0-1

[Event "13sen.WMH 2003 Senioren"]
[Site "Bad Zwischenahn(17.11.-29.11.2003)"]
[Date "2003.11.29"]
[Round "11.131"]
[White "Buss, Richard"]
[Black "Groener, Marga"]
[Result "1-0"]
[WhiteElo "1404"]
[BlackElo "1283"]
[PlyCount "81"]


1. d4 d5 2. c4 Nf6 3. Nc3 c6 4. Bg5 e6 5. Nf3 Be7 6. Qc2 O-O 7. e3 Nbd7 8. Bd3
dxc4 9. Bxc4 h6 10. Bh4 c5 11. dxc5 Bxc5 12. Rd1 Be7 13. O-O b6 14. Bb3 Ba6 15.
Rfe1 Bb7 16. Ne5 Re8 17. Ba4 Nd5 18. Bxe7 Rxe7 19. Nxd7 f6 20. Nxf6+ gxf6 21.
e4 Rc8 22. exd5 exd5 23. Rxe7 Qxe7 24. Bb3 Rd8 25. Qg6+ Qg7 26. Bxd5+ Bxd5 27.
Qxg7+ Kxg7 28. Rxd5 Rxd5 29. Nxd5 Kf7 30. Kf1 Ke6 31. Nc3 f5 32. Ke2 Ke5 33. g3
f4 34. g4 Kf6 35. h4 Kg6 36. Kf3 h5 37. g5 Kf5 38. Nb5 a5 39. a4 Ke5 40. Nc3
Kd6 41. Kxf4 1-0

[Event "13sen.WMH 2003 Senioren"]
[Site "Bad Zwischenahn(17.11.-29.11.2003)"]
[Date "2003.11.29"]
[Round "11.132"]
[White "Kuhnert, Werner"]
[Black "Bromberger, Guenter"]
[Result "1/2-1/2"]
[WhiteElo "1290"]
[BlackElo "1413"]
[PlyCount "41"]


1. d4 d5 2. c4 dxc4 3. Nc3 e6 4. Nf3 c6 5. e4 b5 6. a4 b4 7. Na2 b3 8. Nc3 Bb4
9. Bd2 Ba6 10. e5 Ne7 11. Ne4 Bxd2+ 12. Qxd2 O-O 13. Nd6 Nd5 14. Bxc4 Bxc4 15.
Nxc4 Nd7 16. O-O N7b6 17. Nxb6 Qxb6 18. Rac1 Rac8 19. Rc5 Rc7 20. Qa5 Qxa5 21.
Rxa5 1/2-1/2

[Event "13sen.WMH 2003 Senioren"]
[Site "Bad Zwischenahn(17.11.-29.11.2003)"]
[Date "2003.11.29"]
[Round "11.133"]
[White "Bolduan, Albrecht"]
[Black "Reimann, Wolfgang"]
[Result "0-1"]
[WhiteElo "1368"]
[BlackElo "1350"]
[PlyCount "70"]


1. d4 d5 2. e3 Nf6 3. c4 c6 4. Nc3 Bf5 5. Bd3 Bxd3 6. Qxd3 e6 7. Nge2 Bd6 8.
Ng3 O-O 9. Bd2 Re8 10. a3 a6 11. c5 Bf8 12. Na4 Nbd7 13. O-O a5 14. Bc3 b6 15.
cxb6 Nxb6 16. Nc5 Qc8 17. b4 a4 18. Qd1 Bd6 19. Qc2 Ra7 20. Rfb1 Qc7 21. Nd3
Ne4 22. Be1 Nxg3 23. hxg3 Nc4 24. Bd2 e5 25. Re1 exd4 26. exd4 Rxe1+ 27. Bxe1
Ra8 28. Bc3 Qe7 29. Qa2 Qe4 30. Nc5 Bxc5 31. bxc5 Rb8 32. Kf1 Qd3+ 33. Qe2 Qxc3
34. Re1 Kf8 35. Qf3 Nd2+ 0-1

[Event "13sen.WMH 2003 Senioren"]
[Site "Bad Zwischenahn(17.11.-29.11.2003)"]
[Date "2003.??.??"]
[Round "11.1"]
[White "Donchenko, Anatoli"]
[Black "Shabanov, Yuri"]
[Result "1/2-1/2"]
[WhiteElo "2410"]
[BlackElo "2443"]
[PlyCount "33"]


1. c4 Nf6 2. Nc3 c6 3. d4 d5 4. Nf3 e6 5. Bg5 h6 6. Bh4 Be7 7. e3 Nbd7 8. Bd3
O-O 9. O-O dxc4 10. Bxc4 b5 11. Bd3 Bb7 12. Qe2 b4 13. Ne4 Nxe4 14. Bxe7 Qxe7
15. Bxe4 Nf6 16. Bd3 c5 17. dxc5 1/2-1/2

[Event "13sen.WMH 2003 Senioren"]
[Site "Bad Zwischenahn(17.11.-29.11.2003)"]
[Date "2003.??.??"]
[Round "11.2"]
[White "Klovans, Janis"]
[Black "Litvinov, Vladimir"]
[Result "1-0"]
[WhiteElo "2460"]
[BlackElo "2350"]
[PlyCount "83"]


1. e4 c5 2. Nf3 d6 3. d4 cxd4 4. Nxd4 Nf6 5. Nc3 a6 6. Be2 e5 7. Nb3 Be7 8. O-O
O-O 9. a4 Be6 10. f4 Qc7 11. f5 Bc4 12. Bg5 Nbd7 13. a5 b5 14. axb6 Qxb6+ 15.
Kh1 Rfc8 16. Bxc4 Rxc4 17. Nd5 Qd8 18. Na5 Rcc8 19. Bxf6 Nxf6 20. Qd3 Nxd5 21.
exd5 Qb6 22. Nc6 Bf6 23. Ra2 a5 24. b3 Qc5 25. Ra4 h6 26. h3 Rxc6 27. dxc6 d5
28. b4 Qxc6 29. Rxa5 Rxa5 30. bxa5 e4 31. Qe2 Bd4 32. a6 Ba7 33. Rb1 Qc5 34. c4
e3 35. cxd5 Qxd5 36. f6 gxf6 37. Rb7 Qc5 38. Qa2 Qh5 39. Rxa7 Qd1+ 40. Kh2 Qd6+
41. g3 Kh8 42. Rxf7 1-0

[Event "13sen.WMH 2003 Senioren"]
[Site "Bad Zwischenahn(17.11.-29.11.2003)"]
[Date "2003.??.??"]
[Round "11.3"]
[White "Asmundsson, Ingvar"]
[Black "Bukal, Vladimir"]
[Result "0-1"]
[WhiteElo "2402"]
[BlackElo "2428"]
[PlyCount "66"]


1. e4 e6 2. d4 d5 3. Nd2 Nf6 4. e5 Nfd7 5. Bd3 c5 6. c3 Nc6 7. Ne2 cxd4 8. cxd4
a5 9. Nf3 a4 10. O-O Nb6 11. Nc3 Bd7 12. Bg5 Be7 13. Bxe7 Qxe7 14. a3 Na5 15.
Nd2 Bc6 16. Qe2 O-O 17. Rac1 Rad8 18. Rc2 Rc8 19. Nd1 Nbc4 20. Ne3 b5 21. Nf3
Nxe3 22. Qxe3 Nc4 23. Qf4 h6 24. Qg4 b4 25. Rfc1 bxa3 26. bxa3 Qxa3 27. Rc3 Qb4
28. Nh4 Nxe5 29. Qf4 Nxd3 30. Rxd3 Bb5 31. Rdd1 Rxc1 32. Rxc1 a3 33. g4 a2 0-1

[Event "13sen.WMH 2003 Senioren"]
[Site "Bad Zwischenahn(17.11.-29.11.2003)"]
[Date "2003.??.??"]
[Round "11.4"]
[White "Karasev, Vladimir"]
[Black "Rahls, Peter"]
[Result "1-0"]
[WhiteElo "2415"]
[BlackElo "2340"]
[PlyCount "53"]


1. e4 c5 2. Nf3 e6 3. d4 cxd4 4. Nxd4 Nf6 5. Nc3 d6 6. Be3 a6 7. a4 b6 8. f3 d5
9. e5 Nfd7 10. f4 Bb4 11. Bd3 Qh4+ 12. g3 Qe7 13. O-O Bxc3 14. bxc3 Nc5 15. f5
exf5 16. Nxf5 Bxf5 17. Bxf5 Nbd7 18. Qxd5 O-O 19. a5 b5 20. Rad1 Rad8 21. Qd6
Qxd6 22. Rxd6 Rde8 23. Bxd7 Rxe5 24. Bxc5 Rxc5 25. Rxa6 Rxc3 26. Rc6 Ra3 27. a6
1-0

[Event "13sen.WMH 2003 Senioren"]
[Site "Bad Zwischenahn(17.11.-29.11.2003)"]
[Date "2003.??.??"]
[Round "11.5"]
[White "Zoltek, Tadeuz"]
[Black "Chernikov, Oleg"]
[Result "0-1"]
[WhiteElo "2294"]
[BlackElo "2443"]
[PlyCount "130"]


1. Nf3 d5 2. d4 c6 3. c4 e6 4. Qc2 Bd6 5. Bg5 f6 6. Bd2 Ne7 7. e4 O-O 8. Bd3
dxe4 9. Bxe4 f5 10. Bd3 Ng6 11. Nc3 Nh4 12. Nxh4 Qxh4 13. Ne2 c5 14. g3 Qf6 15.
Bc3 cxd4 16. Nxd4 e5 17. Nb5 Nc6 18. O-O-O a6 19. Nxd6 Qxd6 20. Kb1 Qc5 21. f3
Be6 22. Rhe1 b5 23. b3 bxc4 24. Bxc4 Bxc4 25. Bb2 Rab8 26. Qxc4+ Qxc4 27. bxc4
Rb4 28. Ka1 Re8 29. c5 Rc4 30. Rc1 Rxc1+ 31. Rxc1 Rd8 32. Kb1 Kf7 33. g4 f4 34.
h4 Ke6 35. h5 Rd3 36. Rf1 Kd5 37. Kc2 Nb4+ 38. Kb1 a5 39. g5 a4 40. a3 Nc6 41.
Kc2 Re3 42. Rd1+ Nd4+ 43. Bxd4 exd4 44. c6 Rc3+ 45. Kd2 Kxc6 46. Re1 Rxa3 47.
Re7 Rxf3 48. Rxg7 Rg3 49. g6 h6 50. Ra7 a3 51. g7 Kd5 52. Rd7+ Ke6 53. Ra7 Kf6
54. Rxa3 Rxg7 55. Ra6+ Kg5 56. Ke2 d3+ 57. Kxd3 Re7 58. Ra5+ Kg4 59. Kd2 Re6
60. Ra4 Re5 61. Rb4 Kf3 62. Rb6 Rxh5 63. Rb3+ Kg2 64. Rb6 Rd5+ 65. Ke1 Re5+ 0-1

[Event "13sen.WMH 2003 Senioren"]
[Site "Bad Zwischenahn(17.11.-29.11.2003)"]
[Date "2003.??.??"]
[Round "11.6"]
[White "Hecht, Hans-Joachim"]
[Black "Katalymov, Boris"]
[Result "1-0"]
[WhiteElo "2384"]
[BlackElo "2381"]
[PlyCount "109"]


1. d4 e6 2. c4 f5 3. g3 d5 4. Bg2 c6 5. Nh3 Bd6 6. Nd2 Ne7 7. Qc2 Nd7 8. Nf3
Nf6 9. Nf4 Ne4 10. O-O Ng6 11. Nd3 Qf6 12. c5 Bc7 13. Nfe5 h5 14. f3 h4 15.
fxe4 dxe4 16. Bxe4 hxg3 17. hxg3 Nxe5 18. dxe5 Qg6 19. Bg2 Qxg3 20. Bf4 Qg4 21.
Rf3 Bd8 22. Rg3 Qh5 23. Rxg7 Kf8 24. Rg3 Bh4 25. Bf3 Qh7 26. Rh3 Bd7 27. Kh1
Kf7 28. Rg1 Rag8 29. Rxg8 Rxg8 30. Bh2 Ke8 31. Nf4 Qe7 32. Bh5+ Kd8 33. Qd2 Kc8
34. Ng6 Qh7 35. Rxh4 Rxg6 36. Qf4 Rh6 37. Bg6 Rxh4 38. Bxh7 Rxf4 39. Bxf4 b6
40. b4 Kb7 41. Bd2 a5 42. bxa5 bxc5 43. e4 fxe4 44. Bxe4 c4 45. Kg2 Ka6 46. a4
c5 47. Bc2 Kb7 48. Kf3 Kc6 49. Bc3 Bc8 50. Kf4 Kd7 51. Kg5 Bb7 52. Kf6 Bc6 53.
Bg6 Bxa4 54. Bf7 Bb5 55. Bxe6+ 1-0

[Event "13sen.WMH 2003 Senioren"]
[Site "Bad Zwischenahn(17.11.-29.11.2003)"]
[Date "2003.??.??"]
[Round "11.7"]
[White "Arkhangelsky, Boris"]
[Black "Zakharchenko, Arnold"]
[Result "1-0"]
[WhiteElo "2269"]
[BlackElo "2331"]
[PlyCount "69"]


1. Nf3 c5 2. c4 g6 3. e4 Nc6 4. d4 cxd4 5. Nxd4 Bg7 6. Be3 Nh6 7. Be2 d6 8. Nc3
O-O 9. O-O f5 10. exf5 Nxf5 11. Nxf5 Bxf5 12. Qd2 Qa5 13. Rac1 Rad8 14. Rfd1
Be6 15. b3 Qf5 16. f4 Kh8 17. Bf3 Bg8 18. h3 e5 19. Bg4 Qf7 20. Rf1 Qc7 21. Nd5
Qb8 22. f5 gxf5 23. Bxf5 Nd4 24. Be4 Rxf1+ 25. Rxf1 Rf8 26. Bg5 Rxf1+ 27. Kxf1
b5 28. Kg1 bxc4 29. bxc4 Qf8 30. Be7 Bh6 31. Bxf8 Bxd2 32. Bxd6 Bh6 33. Bxe5+
Bg7 34. Bxg7+ Kxg7 35. Kf2 1-0

[Event "13sen.WMH 2003 Senioren"]
[Site "Bad Zwischenahn(17.11.-29.11.2003)"]
[Date "2003.??.??"]
[Round "11.8"]
[White "Uhlmann, Wolfgang"]
[Black "Ivanets, Vladimir"]
[Result "0-1"]
[WhiteElo "2457"]
[BlackElo "2305"]
[PlyCount "102"]


1. c4 e5 2. Nc3 Nf6 3. Nf3 Nc6 4. g3 d5 5. cxd5 Nxd5 6. Bg2 Nb6 7. d3 Be7 8.
Na4 e4 9. Nd2 exd3 10. Nxb6 dxe2 11. Qxe2 axb6 12. O-O O-O 13. Nf3 Bf6 14. Rd1
Qe7 15. Qxe7 Nxe7 16. Bg5 Bxg5 17. Nxg5 h6 18. Ne4 Bg4 19. Rd4 Be6 20. Nc3 Nf5
21. Rb4 Nd6 22. Nd5 Bxd5 23. Bxd5 Ra5 24. Rd1 Re8 25. Kf1 Kf8 26. Bb3 Rc5 27.
Rbd4 Rce5 28. Rc1 Rc5 29. Rcd1 Rce5 30. Rc1 R8e7 31. Rd2 Ke8 32. Bd5 Rd7 33.
Rcd1 Ree7 34. Bf3 Nc4 35. Rxd7 Rxd7 36. Rc1 Nd2+ 37. Ke2 Nxf3 38. Kxf3 c6 39.
Ke2 b5 40. h4 Kd8 41. Rc3 Kc7 42. Re3 Kb6 43. Re8 b4 44. Rg8 f6 45. Ke3 Kb5 46.
Ke4 b6 47. b3 Ra7 48. h5 Rxa2 49. Rxg7 Re2+ 50. Kf5 Rxf2+ 51. Kg6 Rf3 0-1

[Event "13sen.WMH 2003 Senioren"]
[Site "Bad Zwischenahn(17.11.-29.11.2003)"]
[Date "2003.??.??"]
[Round "11.9"]
[White "Chepukaitis, Genrikh"]
[Black "Ofstad, Per"]
[Result "1/2-1/2"]
[WhiteElo "2420"]
[BlackElo "2180"]
[PlyCount "100"]


1. d4 e6 2. Nf3 d5 3. e3 Nd7 4. c4 c6 5. a3 Bd6 6. Nc3 Ngf6 7. Qc2 Qe7 8. b4
O-O 9. Bb2 e5 10. cxd5 Nxd5 11. Nxd5 cxd5 12. dxe5 Nxe5 13. Be2 Nxf3+ 14. Bxf3
Be6 15. Qc3 Qg5 16. O-O Rac8 17. Qd2 Rc4 18. Rfc1 Rd8 19. Bd4 b6 20. Be2 Rxd4
21. Qxd4 Be5 22. Qd2 Bxa1 23. Rxa1 d4 24. Rd1 Bb3 25. exd4 Qf6 26. Rc1 Be6 27.
Rc3 Rxd4 28. Qe3 Qd8 29. Rc1 Qd6 30. h3 g6 31. Rc3 Rd2 32. Bf3 Ra2 33. g4 Qd2
34. Qxd2 Rxd2 35. Kg2 Ra2 36. g5 Kg7 37. Kg3 h5 38. h4 a5 39. bxa5 bxa5 40. Bc6
Kf8 41. f3 Ke7 42. Bb5 Kd6 43. a4 Bd5 44. Re3 Rb2 45. Be8 Rb4 46. Rd3 Rb7 47.
Rd4 Re7 48. Bb5 Re3 49. Rf4 Rc3 50. Rf6+ Be6 1/2-1/2

[Event "13sen.WMH 2003 Senioren"]
[Site "Bad Zwischenahn(17.11.-29.11.2003)"]
[Date "2003.??.??"]
[Round "11.10"]
[White "Taimanow, Mark"]
[Black "Karl, Hans[35SUI]"]
[Result "0-1"]
[WhiteElo "2382"]
[BlackElo "2280"]
[PlyCount "142"]


1. c4 Nf6 2. Nc3 g6 3. g3 Bg7 4. Bg2 d6 5. Nf3 O-O 6. O-O e5 7. Rb1 a5 8. a3
Re8 9. e4 Nc6 10. d3 Bg4 11. h3 Bd7 12. Be3 Qe7 13. b4 axb4 14. axb4 Ra3 15.
Nb5 Ra2 16. Nxc7 Rc8 17. Nb5 Rca8 18. Nc3 R2a3 19. Qc2 Ne8 20. Nd5 Qd8 21. Bb6
Qb8 22. b5 Nd4 23. Nxd4 exd4 24. Rb3 Be6 25. Nb4 Qc8 26. Kh2 Nf6 27. Bxd4 Ng4+
28. hxg4 Bxd4 29. g5 Qd8 30. f4 h6 31. Rxa3 Rxa3 32. Qc1 Rc3 33. Qd2 hxg5 34.
f5 Bd7 35. Nd5 Rb3 36. f6 Be6 37. Ne7+ Kf8 38. Qxg5 Ke8 39. Nxg6 Kd7 40. Nh4
Rxd3 41. c5 dxc5 42. e5 Kc7 43. b6+ Kxb6 44. Rb1+ Rb3 45. Rxb3+ Bxb3 46. Bh3
Qd5 47. Ng6 Qe4 48. e6 Qe1 49. Bf5 Bd5 50. Kh3 Bxe6 51. Nf4 Bc4 52. Kh4 Qe5 53.
Nh5 Be6 54. Bxe6 Qxe6 55. Qf4 Ka6 56. Qf1+ b5 57. g4 Ka5 58. g5 Qe4+ 59. Kh3 b4
60. Ng3 Qe6+ 61. Kh4 b3 62. Nf5 Qe4+ 63. Kh5 b2 64. Nxd4 cxd4 65. Qc4 b1=Q 66.
Qc5+ Ka4 67. Qa7+ Kb4 68. Qb6+ Kc3 69. Qa5+ Kd3 70. Qa6+ Ke3 71. Qa3+ Kf2 0-1